Normal view
MARC view
- ISLAM-BIBLE SAY QURAN
Entry Topical Term
001 - CONTROL NUMBER
- control field: 77676
003 - CONTROL NUMBER IDENTIFIER
- control field: NUST
005 - DATE AND TIME OF LATEST TRANSACTION
- control field: 20210628205947.0
008 - FIXED-LENGTH DATA ELEMENTS
- fixed length control field: 210628|| aca||aabn | a|a d
040 ## - CATALOGING SOURCE
- Original cataloging agency: NUST
- Transcribing agency: NUST
150 ## - HEADING--TOPICAL TERM
- Topical term or geographic name entry element: ISLAM-BIBLE SAY QURAN
670 ## - SOURCE DATA FOUND
- Source citation: Work cat.: (NUST): Izhar Ul Haq 77675, Bible say quran tuk, 2002
